Normal view
MARC view
Entry Personal Name
001 - CONTROL NUMBER
- control field: 17317
003 - CONTROL NUMBER IDENTIFIER
- control field: OSt
005 - DATE AND TIME OF LATEST TRANSACTION
- control field: 20230215094655.0
008 - FIXED-LENGTH DATA ELEMENTS
- fixed length control field: 230215|| aca||aabn | a|a d
040 ## - CATALOGING SOURCE
- Original cataloging agency: OSt
- Transcribing agency: OSt
100 ## - HEADING--PERSONAL NAME
- Personal name: ဝါသဝထေရ်၊ ဘဒ္ဒန္တ(မြစ်သားဆရာတော်)
670 ## - SOURCE DATA FOUND
- Source citation: Work cat.: (OSt): ဝါသဝထေရ်၊ ဘဒ္ဒန္တ(မြစ်သားဆရာတော်), တရားအရကိုယ်မှာရှိပါစေ တရားတော်\